000
00320 a2200109 4500
001
ART_12556
005
20260410161907.0
008
260409a
245
1
0
_a
Inflation Accounting - A Review Article
100
1
_a
Kay, J.A.
773
0
_t
The Economic Journal
_g
- Vol. 87, NÂș 346 (jun. 1977)
_w
REV12512
999
_c
26451
_d
26451